000 00600nam a22001937a 4500
003 OSt
005 20180116183033.0
008 160209b xxu||||| |||| 00| 0 eng d
020 _a9781784154400
040 _c0
082 _a657 ACCA 2015
100 _aKaplan Publishing
110 _aKaplan Publishing
245 _aACCA Text Paper F2 Management Accounting (MA)
_cKaplan Publishing
_bComplete Text Valid From 1 september 2015-31 august 2016
260 _aUK
_bKaplan Publishing
_c2015
300 _a684+6 p.
_bPB
440 _aACCA Text Paper F2 Management Accounting (MA)
942 _2ddc
_cBK
999 _c351105
_d351105